Zlepšenie systému personálneho marketingu v podniku ZTS-LR NaJUS, a.s. Dubnica nad Váhom : Bakalárska práca

Salvato in:
Dettagli Bibliografici
Autore principale: Dobiáš, Emil (Autore)
Altri autori: Holko, Dušan (xxx)
Natura: Manoscritto Libro
Lingua:slovacco
Pubblicazione: Trnava : STU v Bratislave MtF KPIM, 2005
Soggetti:
Tags: Aggiungi Tag
Nessun Tag, puoi essere il primo ad aggiungerne!!

MARC

LEADER 00000ntm a22000003a 4500
001 stu95993
005 20160719155314.6
008 051006s2005----xo------------------slo-d
040 |a STU  |b slo 
041 0 |a slo 
044 |a xo 
100 1 |a Dobiáš, Emil  |4 aut 
245 1 |a Zlepšenie systému personálneho marketingu v podniku ZTS-LR NaJUS, a.s. Dubnica nad Váhom :  |b Bakalárska práca 
260 |a Trnava :  |b STU v Bratislave MtF KPIM,  |c 2005 
300 |a 50 s  |c 1 CD 
650 7 |a priemyselné inžinierstvo a manažment  |2 stusub 
650 7 |a personálny marketing  |2 stusub 
700 1 |a Holko, Dušan  |4 xxx 
996 |b 284M062979  |c M*BP-1302  |l MMSKP  |s P  |a 0  |w stu95993_0001